[Event "ch-FRA Blitz Online Qual"]
[Site "Europe-Chess INT"]
[Date "2020.05.16"]
[Round "12"]
[White "Naillou, Thomas"]
[Black "Fondrat, Johan"]
[Result "1-0"]
[WhiteElo "2072"]
[BlackElo "1509"]
[WhiteFideId "36009741"]
[BlackFideId "45156069"]
[EventDate "2020.05.16"]

1. e4 c5 2. d4 cxd4 3. c3 dxc3 4. Nxc3 Nc6 5. Bc4 g6 6. Nf3 Bg7 7. O-O d6 8. Qe2
Nf6 9. h3 O-O 10. Rd1 Bd7 11. Bf4 Rc8 12. Rac1 Nd4 13. Nxd4 Rxc4 14. Qxc4 e5 15.
Bg5 exd4 16. Qxd4 Qc7 17. Bxf6 Bxf6 18. Qxf6 d5 19. Nxd5 Qd8 20. Ne7+ Qxe7 21.
Qxe7 Re8 22. Qxe8+ Bxe8 23. Rd8 Kf8 24. Rcc8 Ke7 25. Rxe8+ Kf6 26. Rc7 h5 27.
Ree7 g5 28. Rxf7+ Kg6 29. Rfd7 Kf6 30. g3 Ke5 31. Re7+ Kd4 32. b3 Kd3 33. Kf1 g4
34. hxg4 hxg4 35. Ke1 b5 36. Kd1 b4 37. Rcd7+ Kc3 38. Kc1 a5 39. Re6 a4 40. Rc6# 1-0

[Event "ch-FRA Blitz Online Qual"]
[Site "Europe-Chess INT"]
[Date "2020.05.16"]
[Round "12"]
[White "Mendoza, Mael"]
[Black "Louvrier Saint-Mary, Jean-Roger"]
[Result "0-1"]
[WhiteElo "1451"]
[BlackElo "1780"]
[WhiteFideId "551036533"]
[BlackFideId "618349"]
[EventDate "2020.05.16"]

1. e4 c5 2. Nf3 e6 3. d4 cxd4 4. Nxd4 a6 5. Nc3 Qc7 6. Be3 Nf6 7. Qd2 b5 8. f3
b4 9. Nce2 Bd6 10. g3 Nc6 11. Bg2 Bb7 12. Nxc6 dxc6 13. O-O-O Rd8 14. Bf4 e5 15.
Bg5 Be7 16. Qe3 O-O 17. f4 Ng4 18. Qf3 Bxg5 19. fxg5 Rxd1+ 20. Kxd1 Qd8+ 21. Kc1
Qxg5+ 22. Kb1 Nf6 23. h4 Qd2 24. g4 c5 25. Ng3 Nxg4 26. Rd1 Qf4 27. Rd7 Bc8 28.
Rd5 Ne3 29. Rxc5 Nxg2 30. Qxg2 Qe3 31. b3 Qxc5 32. Nh5 g6 33. Nf6+ Kg7 34. Nh5+
Kh8 35. Qf3 Qe7 36. Nf6 Bg4 37. Nxg4 f5 38. exf5 Rxf5 39. Qd3 Qc7 40. Qe4 Rf1+
41. Kb2 Qc3# 0-1

[Event "ch-FRA Blitz Online Qual"]
[Site "Europe-Chess INT"]
[Date "2020.05.16"]
[Round "12"]
[White "Lebrun, Elias"]
[Black "Morais, Thomas"]
[Result "0-1"]
[WhiteElo "1880"]
[BlackElo "1710"]
[WhiteFideId "26073110"]
[BlackFideId "36034703"]
[EventDate "2020.05.16"]

1. d4 Nf6 2. c4 c5 3. d5 e6 4. Nc3 exd5 5. cxd5 d6 6. e4 g6 7. f4 Bg7 8. Bb5+
Nfd7 9. a4 O-O 10. Nf3 a6 11. Bd3 Nf6 12. O-O Bg4 13. h3 Bxf3 14. Qxf3 Re8 15.
f5 Nbd7 16. fxg6 hxg6 17. Bg5 Ne5 18. Qe2 Qe7 19. Bc2 Ned7 20. Rf2 Qe5 21. Bf4
Qe7 22. Raf1 Nh5 23. Be3 Ng3 24. Qg4 Nxf1 25. Rxf1 Ne5 26. Qe2 Rab8 27. Kh1 Qd7
28. a5 Qc7 29. Ra1 b5 30. axb6 Qxb6 31. Rxa6 Qxb2 32. Na4 Qb5 33. Qxb5 Rxb5 34.
Rxd6 Nc4 35. Bxc5 Nxd6 36. Bxd6 Be5 37. Ba3 f5 38. Nc5 Ra5 39. Na4 Rc8 40. Bb3
Rxa4 0-1

[Event "ch-FRA Blitz Online Qual"]
[Site "Europe-Chess INT"]
[Date "2020.05.16"]
[Round "12"]
[White "Sureau, Corentin"]
[Black "Leccia, Antoine"]
[Result "0-1"]
[WhiteElo "1686"]
[BlackElo "1950"]
[WhiteFideId "36067687"]
[BlackFideId "36087262"]
[EventDate "2020.05.16"]

1. e4 e5 2. Nf3 Nc6 3. Bc4 Nf6 4. d4 exd4 5. O-O Nxe4 6. Re1 d5 7. Bxd5 Qxd5 8.
Nc3 Qd7 9. Nxe4 Be7 10. Nc5 Qd5 11. Nb3 Bg4 12. Bg5 f6 13. Bf4 Bxf3 14. Qxf3
Qxf3 15. gxf3 O-O-O 16. Rad1 Bb4 17. Re4 f5 18. Re6 h6 19. a3 Ba5 20. Nxa5 Nxa5
21. Re7 Rd7 22. Rxd7 Kxd7 23. Rxd4+ Kc8 24. Rd5 Nc4 25. Rc5 Nxb2 26. Rxc7+ Kb8
27. Rxg7+ Ka8 28. Rf7 Nc4 29. Rxf5 Nxa3 30. Be5 Rg8+ 31. Kf1 Nxc2 32. Rf6 a5 33.
Rb6 Re8 34. Bf4 a4 35. Rb2 Rc8 36. Bxh6 a3 37. Ra2 b5 38. Bd2 Rd8 39. Ba5 Rd3
40. Rxc2 Kb7 41. Ke2 Rb3 42. Ra2 Rb2+ 43. Rxb2 axb2 44. Ke3 b1=Q 45. f4 Qf5 46.
Bc3 Kc6 47. Be5 Kd5 48. h4 Kc4 49. f3 b4 50. Bb2 b3 51. Be5 Kb4 52. Bb2 Ka4 53.
Bc1 Qc5+ 54. Kd2 Qc2+ 55. Ke3 Qxc1+ 56. Ke4 b2 57. f5 b1=Q+ 58. Ke5 Qc5+ 59. Kf6
Qbxf5+ 60. Kg7 Qe7+ 61. Kh6 Qff8+ 62. Kh5 Qe5+ 63. Kg4 Qff4+ 64. Kh3 Qg3# 0-1

[Event "ch-FRA Blitz Online Qual"]
[Site "Europe-Chess INT"]
[Date "2020.05.16"]
[Round "12"]
[White "Vallee, Louis"]
[Black "Sabapathee, Florian"]
[Result "1/2-1/2"]
[WhiteElo "1864"]
[BlackElo "1444"]
[WhiteFideId "45103291"]
[BlackFideId "45195951"]
[EventDate "2020.05.16"]

1. d4 Nf6 2. c4 g6 3. Nc3 d5 4. cxd5 Nxd5 5. e4 Nxc3 6. bxc3 Bg7 7. Bc4 c5 8.
Ne2 Nc6 9. Be3 O-O 10. O-O Bg4 11. f3 Na5 12. Bxf7+ Rxf7 13. fxg4 cxd4 14. Rxf7
Kxf7 15. cxd4 Rc8 16. Rc1 Nc4 17. Qb3 b5 18. Bf2 a6 19. a4 Kf8 20. axb5 Nd2 21.
Rxc8 Qxc8 22. Qd3 Nc4 23. bxa6 Qxa6 24. Nf4 Qa1+ 25. Qf1 Qxf1+ 26. Kxf1 Nd2+ 27.
Ke2 Nxe4 28. Ne6+ Kf7 29. Nxg7 Kxg7 30. Kf3 Nd6 31. Bg3 Nc4 32. Ke4 Nd2+ 33. Kd3
Nb3 34. Be1 Nc1+ 35. Kd2 Nb3+ 36. Ke3 Na1 37. g3 Nc2+ 38. Ke2 Nxd4+ 39. Kd3 Nf3
40. Ke2 Nxh2 41. g5 Ng4 42. Kf3 Ne5+ 43. Kg2 Kf7 44. Bc3 Ke6 45. Kf2 Kf5 46. Bd2
Nf7 47. Bb4 e6 48. Kf3 Nxg5+ 49. Ke3 h5 50. Be7 Kg4 51. Bd6 Nf7 52. Bc7 e5 53.
Kf2 g5 54. Bb6 Nd6 55. Bc7 Ne4+ 56. Kg2 Nxg3 57. Bxe5 Nf5 58. Bf6 h4 59. Be5
Ne3+ 60. Kf2 Nd5 61. Kg2 Nf4+ 62. Kh2 Kf3 63. Bf6 Ne6 64. Be7 Kg4 65. Bf6 h3 66.
Be7 Nd4 67. Bd6 Nf3+ 68. Kh1 Kh4 69. Be7 Kh5 70. Bd8 g4 71. Bc7 Kg6 72. Bd6 Kf5
73. Bc7 Ke4 74. Bd6 Ke3 75. Bc5+ Ke2 76. Bd6 Kf1 77. Bf4 Ne1 78. Bg3 Ke2 79. Kh2
Ng2 80. Be5 Kf3 81. Bd6 Nh4 82. Bg3 Nf5 83. Bc7 g3+ 84. Kxh3 g2 85. Bb6 Ne3 86.
Bxe3 Kxe3 87. Kxg2 1/2-1/2

[Event "ch-FRA Blitz Online Qual"]
[Site "Europe-Chess INT"]
[Date "2020.05.16"]
[Round "12"]
[White "Mareau, Timothe"]
[Black "Azymah, Remy"]
[Result "0-1"]
[WhiteElo "1642"]
[BlackElo "1934"]
[WhiteFideId "45148864"]
[BlackFideId "26014300"]
[EventDate "2020.05.16"]

1. e4 c5 2. c3 Nf6 3. e5 Nd5 4. d4 cxd4 5. cxd4 Nc6 6. Nc3 e6 7. Nf3 d6 8. Nxd5
exd5 9. exd6 Bxd6 10. Bd3 Bg4 11. h3 Bh5 12. Be3 Bg6 13. Bxg6 hxg6 14. Qb3 Rb8
15. O-O O-O 16. Rac1 Na5 17. Qb5 a6 18. Qd3 Nc4 19. b3 Nxe3 20. Qxe3 Qd7 21. Ne5
Qf5 22. f4 Rfe8 23. Qf3 Bxe5 24. dxe5 Red8 25. Rc7 d4 26. Rd1 d3 27. g4 Qe6 28.
Rxd3 Rxd3 29. Qxd3 Qb6+ 30. Kg2 Qxc7 31. Kg3 Rd8 32. Qe4 Qc3+ 33. Kh4 Qc6 34.
Qb4 Rd5 35. Qe7 Qd7 36. Qg5 Qd8 37. Qxd8+ Rxd8 38. Kg5 Rd2 39. f5 gxf5 40. gxf5
Rxa2 41. e6 fxe6 42. fxe6 Re2 43. Kf5 Kf8 44. h4 Re3 45. h5 Rxb3 46. Kg6 Re3 47.
Kf5 a5 48. e7+ Kxe7 49. Kg6 Rg3+ 50. Kh7 a4 51. h6 gxh6 52. Kh8 a3 53. Kh7 a2
54. Kh8 a1=Q+ 55. Kh7 Qg7# 0-1

[Event "ch-FRA Blitz Online Qual"]
[Site "Europe-Chess INT"]
[Date "2020.05.16"]
[Round "12"]
[White "Dore, Armand"]
[Black "Paralieu, Maxime"]
[Result "0-1"]
[WhiteElo "1855"]
[BlackElo "1569"]
[WhiteFideId "680508"]
[BlackFideId "45154171"]
[EventDate "2020.05.16"]

1. Nf3 d5 2. c4 e6 3. e3 Nf6 4. d4 c5 5. cxd5 exd5 6. Nc3 Nc6 7. Be2 Be7 8. O-O
O-O 9. b3 Be6 10. Bb2 Qd7 11. dxc5 Bxc5 12. Nb5 Be7 13. Nbd4 Rac8 14. Rc1 Rfd8
15. Bb5 h6 16. Ne5 Qd6 17. Nexc6 bxc6 18. Nxc6 Rf8 19. Be5 Qd7 20. Nxa7 Qxa7 21.
Rxc8 Rxc8 22. a4 Ne4 23. f3 Nc3 24. Qd3 Nxb5 25. axb5 Bc5 26. Kf2 Qb6 27. Ke2
Bd7 28. Re1 Bxb5 29. Rd1 Bxd3+ 30. Rxd3 Be7 31. Bd4 Qb5 32. Kd2 Bb4+ 33. Ke2
Rc2+ 34. Kd1 Qxd3# 0-1

[Event "ch-FRA Blitz Online Qual"]
[Site "Europe-Chess INT"]
[Date "2020.05.16"]
[Round "12"]
[White "Fraile, Lucas"]
[Black "Joly, Fabrice"]
[Result "0-1"]
[WhiteElo "1276"]
[BlackElo "1957"]
[WhiteFideId "45146322"]
[BlackFideId "612235"]
[EventDate "2020.05.16"]

1. e4 c5 2. Nc3 e6 3. Nf3 Nc6 4. d4 cxd4 5. Nxd4 Qc7 6. Nxc6 bxc6 7. Be3 d5 8.
exd5 cxd5 9. Bd3 Nf6 10. O-O Bd6 11. h3 a6 12. Qe2 Bb7 13. a3 O-O 14. Na4 Nd7
15. c4 dxc4 16. Bxc4 Qc6 17. b3 Qxg2# 0-1

[Event "ch-FRA Blitz Online Qual"]
[Site "Europe-Chess INT"]
[Date "2020.05.16"]
[Round "12"]
[White "Leonardy, Batiste"]
[Black "Triton, Maxime"]
[Result "0-1"]
[WhiteElo "1177"]
[BlackElo "1843"]
[WhiteFideId "36062880"]
[BlackFideId "36062979"]
[EventDate "2020.05.16"]

1. e4 c5 2. Nf3 e6 3. d4 cxd4 4. Nxd4 Nc6 5. Nc3 Qc7 6. Be3 a6 7. Be2 b5 8. a3
Bb7 9. Qd2 Nf6 10. f3 Rc8 11. O-O Bc5 12. Kh1 Qb6 13. Rfd1 O-O 14. b4 Bxd4 15.
Bxd4 Nxd4 16. Qxd4 Qxd4 17. Rxd4 Rxc3 18. Rxd7 Nxd7 0-1

[Event "ch-FRA Blitz Online Qual"]
[Site "Europe-Chess INT"]
[Date "2020.05.16"]
[Round "12"]
[White "Nicot, Valentin"]
[Black "Bellahcene, Sofia"]
[Result "1-0"]
[WhiteElo "1041"]
[BlackElo "1948"]
[WhiteFideId "651002477"]
[BlackFideId "26075954"]
[EventDate "2020.05.16"]

1. e4 c6 2. d4 d5 3. e5 Bf5 4. Nc3 e6 5. Nf3 Nd7 6. Be2 f6 7. Bf4 fxe5 8. Nxe5
Ngf6 9. O-O Be7 10. g4 Bg6 11. g5 Ne4 12. Nxe4 Bxe4 13. Bh5+ g6 14. f3 Bf5 15.
Bg4 Bxg5 16. Nxd7 Bxf4 17. Bxf5 gxf5 18. Ne5 Qg5+ 19. Kh1 Bxe5 20. dxe5 O-O-O
21. f4 Qh4 22. Qe2 Rhg8 23. Qf2 Qh3 24. Rg1 b6 25. Rac1 Rg6 26. Rxg6 hxg6 27.
Qg3 Qxg3 28. hxg3 c5 29. c4 d4 30. Rd1 Rh8+ 31. Kg2 Kc7 32. b4 Kc6 33. b5+ Kd7
34. a4 Ke7 35. Ra1 d3 36. a5 bxa5 37. Rxa5 Rd8 38. Rxa7+ Kf8 39. Ra1 d2 40. Rd1
Rd4 41. b6 Rxc4 42. Rb1 Rb4 43. Rd1 Rxb6 44. Rxd2 Ke7 45. Rc2 Rc6 46. Kf3 c4 47.
Ke2 Kd7 48. Ke3 Kc7 49. Kd4 Kb6 50. Rxc4 Rxc4+ 51. Kxc4 Kc6 52. Kd3 Kb5 53. Kd4
Kb6 54. Kc4 Kc6 55. Kd4 Kb5 56. Ke3 Kc4 57. Kf3 Kd4 58. g4 fxg4+ 59. Kxg4 Ke4
60. Kg5 Ke3 61. Kxg6 Kxf4 62. Kf6 Ke4 63. Kxe6 1-0

[Event "ch-FRA Blitz Online Qual"]
[Site "Europe-Chess INT"]
[Date "2020.05.16"]
[Round "12"]
[White "Lefrancois, Jean"]
[Black "Huynh, Nicolas"]
[Result "0-1"]
[WhiteElo "1038"]
[BlackElo "1836"]
[WhiteFideId "551055635"]
[BlackFideId "36081302"]
[EventDate "2020.05.16"]

1. d4 d5 2. Nc3 Nf6 3. Bf4 Bf5 4. e3 e6 5. Bd3 Bg6 6. a3 a6 7. Nf3 h6 8. h3 Bxd3
9. cxd3 Be7 10. O-O Nbd7 11. e4 dxe4 12. dxe4 Nb6 13. Rc1 Rc8 14. Re1 O-O 15.
Bh2 Re8 16. Ne5 c5 17. dxc5 Bxc5 18. Qf3 Nbd7 19. Ng4 Nxg4 20. Qxg4 Nf6 21. Qf3
b5 22. e5 Nd5 23. Nxd5 exd5 24. Rcd1 d4 25. b4 Bb6 26. Rd2 a5 27. Red1 axb4 28.
axb4 Rc4 29. Qb7 Rxb4 30. Qc6 Re6 31. Qf3 Rc4 32. Rb1 b4 33. Rdb2 Bc5 34. Qd3
Rc3 35. Qd2 Qd5 36. Rc1 Rg6 37. g3 Qxe5 38. Re1 Qd5 39. Rc2 Rxc2 40. Qxc2 d3 41.
Qd2 Rf6 42. Rf1 b3 43. g4 Qd4 44. Bg3 Re6 45. Rd1 b2 46. Bf4 Re4 47. Be3 Qc4 48.
Bxc5 Qxc5 49. Qxd3 Rd4 50. Qb1 Rxd1+ 51. Qxd1 Qc1 52. Qxc1 bxc1=Q+ 53. Kg2 Qd2
54. Kg3 Qd5 55. f3 Qd6+ 56. Kg2 Qd5 57. Kg3 Qc4 58. Kg2 g5 59. Kg3 Kg7 60. h4
Kf6 61. h5 Ke5 62. Kh3 Kf4 63. Kg2 Qc2+ 64. Kf1 Kxf3 65. Kg1 Qg2# 0-1

[Event "ch-FRA Blitz Online Qual"]
[Site "Europe-Chess INT"]
[Date "2020.05.16"]
[Round "12"]
[White "Vine, Guillaume"]
[Black "Ciarletta, Iris"]
[Result "0-1"]
[WhiteElo "1824"]
[BlackElo "1493"]
[WhiteFideId "20654219"]
[BlackFideId "45133263"]
[EventDate "2020.05.16"]

1. Nf3 c5 2. d4 cxd4 3. Nxd4 Nf6 4. Nc3 a6 5. g3 g6 6. Bg2 Bg7 7. O-O O-O 8. e4
d6 9. Be3 Nc6 10. Nd5 Nxd5 11. exd5 Ne5 12. c3 Bg4 13. Qb3 b5 14. h3 Bd7 15.
Rad1 Nc4 16. Bc1 Qc8 17. Qc2 Bxh3 18. Qe4 Bxg2 19. Kxg2 Re8 20. Nc6 Qd7 21. f4
Qc7 22. f5 Ne5 23. fxg6 fxg6 24. Bg5 Rac8 25. Nd4 Qc4 26. Qf4 Rf8 27. Qe4 Qxa2
28. Rxf8+ Rxf8 29. Rd2 Bf6 30. Ne6 Bxg5 31. Nxg5 Qc4 32. Qxc4 Nxc4 33. Re2 Ne5
34. Ne6 Rc8 35. Rf2 a5 36. Rf4 a4 37. Kf2 Nd3+ 38. Ke3 Nxf4 39. Kxf4 Rc4+ 40.
Ke3 Rg4 41. Kf3 Rc4 42. Nd4 Kf7 43. Nxb5 Rc5 44. Nd4 Rxd5 45. Ke4 Re5+ 46. Kf4
e6 47. g4 Rc5 48. Nc2 Rb5 49. Nb4 e5+ 50. Ke4 Ke6 51. Kd3 d5 52. Kc2 e4 53. Nc6
Rb6 54. Nd4+ Ke5 55. Kd2 Rxb2+ 56. Ke3 a3 57. Nc6+ Kd6 58. Nb4 a2 0-1

[Event "ch-FRA Blitz Online Qual"]
[Site "Europe-Chess INT"]
[Date "2020.05.16"]
[Round "12"]
[White "Galhaud, Jean-Philippe"]
[Black "Kovacs, Klara"]
[Result "0-1"]
[BlackTitle "WIM"]
[WhiteElo "1749"]
[BlackElo "2154"]
[WhiteFideId "26001349"]
[BlackFideId "733210"]
[EventDate "2020.05.16"]

1. e4 e6 2. d4 d5 3. Nd2 Be7 4. Bd3 c5 5. c3 Nc6 6. Ne2 cxd4 7. cxd4 dxe4 8.
Nxe4 Nf6 9. O-O O-O 10. Be3 Nb4 11. Bb1 a6 12. a3 Nbd5 13. b4 b5 14. Bd3 Bb7 15.
Nc5 Rb8 16. Rc1 Bd6 17. Qd2 Ng4 18. Nf4 Qh4 19. h3 Ngxe3 20. Nxd5 Nxd5 21. Nxb7
Rxb7 22. Be4 Bf4 23. Qd3 Bxc1 24. Rxc1 Rd7 25. Rc6 Rfd8 26. Qf3 g6 27. Rxa6 Nf6
28. Bc6 Rxd4 29. Bxb5 Rd1+ 30. Kh2 Qg5 31. Be2 Qe5+ 32. g3 R1d2 33. Ra5 Qc7 34.
Rc5 Qe7 35. a4 Nd5 36. Bb5 Nxb4 37. Rc4 Nd3 38. Re4 Rxf2+ 39. Qxf2 Nxf2 40. Rf4
Nd1 41. a5 Ne3 42. a6 g5 43. Re4 Rd2+ 44. Kg1 Qc5 45. a7 Qc1+ 46. Bf1 Qxf1# 0-1

[Event "ch-FRA Blitz Online Qual"]
[Site "Europe-Chess INT"]
[Date "2020.05.16"]
[Round "12"]
[White "Sylvestre-Baron, Laurent"]
[Black "Fournier, Loic"]
[Result "0-1"]
[WhiteElo "1728"]
[BlackElo "2116"]
[WhiteFideId "20698585"]
[BlackFideId "36013463"]
[EventDate "2020.05.16"]

1. c4 c5 2. Nc3 Nc6 3. Nf3 e5 4. e3 d6 5. d4 cxd4 6. exd4 Bg4 7. dxe5 dxe5 8.
Be2 Qxd1+ 9. Bxd1 f6 10. Nd5 O-O-O 11. O-O Nge7 12. Nxe7+ Bxe7 13. Bc2 f5 14.
Nd2 e4 15. h3 Be2 16. Re1 Nd4 17. Ba4 Bd3 18. b3 Bb4 19. Bb2 Bxd2 20. Red1 Ne2+
21. Kf1 Bc3 22. Rxd3 exd3 23. Bxc3 Nxc3 24. Rc1 d2 25. Rxc3 d1=Q# 0-1

[Event "ch-FRA Blitz Online Qual"]
[Site "Europe-Chess INT"]
[Date "2020.05.16"]
[Round "12"]
[White "Vanlerberghe, Luc"]
[Black "Kantzer, Romain"]
[Result "0-1"]
[WhiteElo "1727"]
[BlackElo "1930"]
[WhiteFideId "671908"]
[BlackFideId "26024640"]
[EventDate "2020.05.16"]

1. e4 c5 2. Nf3 Nc6 3. c3 d6 4. d4 Nf6 5. Be2 e5 6. Bg5 Be7 7. Bxf6 Bxf6 8. d5
Ne7 9. c4 Ng6 10. g3 h5 11. h4 Bg4 12. Nc3 a6 13. Nh2 Bxe2 14. Qxe2 Qd7 15. Qc2
b5 16. b3 Bd8 17. a3 Ba5 18. b4 cxb4 19. axb4 Bxb4 20. O-O bxc4 21. Na4 Rb8 22.
Qxc4 a5 23. Nf3 O-O 24. Kg2 Qg4 25. Kh2 Qxf3 26. Rab1 Qg4 0-1

[Event "ch-FRA Blitz Online Qual"]
[Site "Europe-Chess INT"]
[Date "2020.05.16"]
[Round "12"]
[White "Gauthier, Laurent2"]
[Black "Fardet, Elouan"]
[Result "0-1"]
[WhiteElo "1704"]
[BlackElo "2163"]
[WhiteFideId "676810"]
[BlackFideId "45163596"]
[EventDate "2020.05.16"]

1. c4 Nf6 2. Nc3 g6 3. g3 Bg7 4. Bg2 O-O 5. e3 d6 6. Nge2 Nbd7 7. O-O e5 8. d4
Re8 9. b3 c6 10. Bb2 h5 11. h4 e4 12. Nf4 Nf8 13. Nce2 Bg4 14. Qd2 N8h7 15. Rad1
g5 16. hxg5 Nxg5 17. d5 c5 18. Rb1 Nf3+ 19. Bxf3 Bxf3 20. Kh2 Ng4+ 21. Kg1 Bxb2
22. Qxb2 Qg5 23. b4 h4 24. bxc5 hxg3 25. fxg3 Nxe3 26. Rf2 Nxc4 27. Qc3 Ne5 28.
cxd6 Rac8 29. Qb2 Nd3 30. Qd4 Nxf4 31. Nxf4 Qxg3+ 32. Kf1 Qxf4 33. d7 Rc1+ 34.
Rxc1 Qxc1+ 0-1

[Event "ch-FRA Blitz Online Qual"]
[Site "Europe-Chess INT"]
[Date "2020.05.16"]
[Round "12"]
[White "Rapaire, Jean-Michel"]
[Black "Le Brech, Cyril"]
[Result "0-1"]
[WhiteElo "1742"]
[BlackElo "1986"]
[WhiteFideId "5400023"]
[BlackFideId "20675186"]
[EventDate "2020.05.16"]

1. e4 c5 2. Nf3 Nc6 3. Bb5 g6 4. Bxc6 dxc6 5. c4 Bg7 6. d3 Bg4 7. O-O e6 8. h3
Bxf3 9. Qxf3 Ne7 10. Nc3 O-O 11. Rd1 Qd7 12. Be3 b6 13. Rac1 e5 14. Ne2 f5 15.
Bg5 Rae8 16. Bxe7 Rxe7 17. Qe3 f4 18. Qf3 h5 19. Rc2 Kh7 20. Nc1 Kh6 21. Kh1 Bf6
22. g4 fxg3 23. Qxg3 Rg7 24. Rg1 Qe7 25. f4 Bh4 26. Qe3 exf4 27. Qf3 g5 28. Rcg2
Bg3 29. Ne2 h4 30. Nxg3 hxg3 31. Qg4 Rg6 32. Rf1 Rf7 33. Rf3 Rfg7 34. Qc8 Rg8
35. Qg4 Qe6 36. Qxe6 Rxe6 37. Kg1 Kg6 38. Kf1 Rh8 39. Ke2 Rxh3 40. Kd2 Rf6 0-1

[Event "ch-FRA Blitz Online Qual"]
[Site "Europe-Chess INT"]
[Date "2020.05.16"]
[Round "12"]
[White "Lambach, Maxime"]
[Black "Courjal, Pauline"]
[Result "1/2-1/2"]
[WhiteElo "1980"]
[BlackElo "1848"]
[WhiteFideId "36056880"]
[BlackFideId "45147841"]
[EventDate "2020.05.16"]

1. e4 e6 2. d4 d5 3. Nd2 dxe4 4. Nxe4 Nd7 5. Nf3 Ngf6 6. Ng3 b6 7. Bd3 Bb7 8.
O-O Be7 9. c3 O-O 10. Bf4 c5 11. dxc5 Nxc5 12. Bc2 Qxd1 13. Raxd1 Bxf3 14. gxf3
Rfd8 15. b4 Na6 16. Ne4 Rac8 17. Rxd8+ Rxd8 18. Rd1 Rxd1+ 19. Bxd1 Nd5 20. Bg3
f5 21. Be2 Naxb4 22. cxb4 fxe4 23. fxe4 Nc3 24. Bc4 Kf7 25. e5 Bxb4 26. Kf1 Ne4
27. Ke2 Nxg3+ 28. hxg3 Bc5 29. f3 g5 30. Kd3 Bf2 31. g4 Bg3 32. Ke4 Bf4 33. Bb3
Ke7 34. a4 a5 35. Kd4 Kd7 36. Bc4 h6 37. Bb5+ Ke7 38. Bc4 Kd7 39. Bb5+ 1/2-1/2

[Event "ch-FRA Blitz Online Qual"]
[Site "Europe-Chess INT"]
[Date "2020.05.16"]
[Round "12"]
[White "Akopian, Edwin"]
[Black "Perrin, Antoine"]
[Result "0-1"]
[WhiteElo "1706"]
[BlackElo "1967"]
[WhiteFideId "36068357"]
[BlackFideId "45127255"]
[EventDate "2020.05.16"]

1. d4 Nf6 2. c4 g6 3. Nc3 Bg7 4. e4 d6 5. Nf3 O-O 6. Be2 Nbd7 7. O-O e5 8. d5
Nc5 9. Qc2 a5 10. Be3 b6 11. h3 Bd7 12. a3 a4 13. Nd2 Ne8 14. f3 f5 15. Rac1 Nf6
16. Rfd1 Nh5 17. Bf2 f4 18. Bf1 Ng3 19. Ne2 Nxf1 20. Rxf1 Bf6 21. Kh1 Bh4 22.
Bg1 Qg5 23. Rcd1 Bg3 24. Nc1 Qh4 25. Nd3 Bxh3 0-1

[Event "ch-FRA Blitz Online Qual"]
[Site "Europe-Chess INT"]
[Date "2020.05.16"]
[Round "12"]
[White "Buffin, Jean"]
[Black "Courbi, Stephane"]
[Result "0-1"]
[WhiteElo "1711"]
[BlackElo "1955"]
[WhiteFideId "20699751"]
[BlackFideId "647462"]
[EventDate "2020.05.16"]

1. d4 Nf6 2. c4 e5 3. dxe5 Ng4 4. Nf3 Bc5 5. e3 Nc6 6. Be2 O-O 7. O-O Ncxe5 8.
h3 Nxf3+ 9. Bxf3 Ne5 10. Be2 Re8 11. Nc3 a5 12. b3 Ra6 13. Bb2 Rh6 14. Ne4 Bf8
15. Ng3 d6 16. Rc1 Qh4 17. Bxe5 Rxe5 18. Bg4 Bxg4 19. Qxg4 Qxg4 20. hxg4 Rhe6
21. a3 g6 22. b4 axb4 23. axb4 Re8 24. Rfd1 b6 25. c5 bxc5 26. bxc5 dxc5 27. Rd7
R5e7 28. Rd5 Re6 29. Rd7 Rc6 30. Rc4 Re7 31. Rd8 Kg7 32. Ne2 Ree6 33. Nf4 Red6
34. Ra8 Rd1+ 35. Kh2 Bd6 36. g3 Rd2 37. Kg2 Rb6 38. Nh3 Rb4 39. Rc3 Rbb2 40. Ra7
h6 41. Rc4 g5 42. Re4 Rbc2 43. Ra8 c4 44. Ree8 c3 45. Rg8+ Kf6 46. Rh8 Ra2 47.
Rxh6+ Ke7 48. Rb8 c2 49. Rhh8 Rd1 50. Rhe8+ Kf6 51. Rh8 c1=Q 52. Rbe8 Rxf2+ 53.
Nxf2 Rg1+ 54. Kf3 Qc6+ 55. Ke2 Qb5+ 56. Kf3 Qd5+ 57. Ke2 Qc4+ 58. Kf3 Qd5+ 59.
Ke2 Rg2 60. Rh6+ Kg7 61. e4 Qb5+ 62. Ke3 Qxe8 63. Rh1 Bc5+ 64. Ke2 Rxf2+ 65. Kd3
Qd7+ 0-1

[Event "ch-FRA Blitz Online Qual"]
[Site "Europe-Chess INT"]
[Date "2020.05.16"]
[Round "12"]
[White "Tulliez, Andre"]
[Black "Roux, Baptiste"]
[Result "0-1"]
[WhiteElo "1777"]
[BlackElo "2145"]
[WhiteFideId "45107181"]
[BlackFideId "36017450"]
[EventDate "2020.05.16"]

1. e4 c5 2. Nf3 e6 3. d4 cxd4 4. Nxd4 Nf6 5. Nc3 Nc6 6. f3 d5 7. exd5 Nxd5 8.
Nxd5 Qxd5 9. Be3 Be7 10. Be2 O-O 11. O-O Bc5 12. c3 Rd8 13. Nc2 Bxe3+ 14. Nxe3
Qc5 15. Qc1 e5 16. Kh1 Be6 17. b4 Qe7 18. Bc4 Bxc4 19. Nxc4 Qe6 20. Ne3 f5 21.
Qc2 g6 22. Rad1 b5 23. a3 a5 24. Rxd8+ Rxd8 25. Rd1 Rxd1+ 26. Qxd1 a4 27. Qd5
Qxd5 28. Nxd5 Kf7 29. Nc7 Na7 30. Kg1 Ke7 31. Nd5+ Ke6 32. Ne3 Nc8 33. Kf2 Nb6
34. Ke2 Nd5 35. Nd1 Nf4+ 36. Kf2 Kd5 37. g3 Nd3+ 38. Ke3 Kc4 39. Kd2 f4 40. gxf4
exf4 41. h4 h6 42. Kc2 Ne1+ 43. Kd2 Nxf3+ 44. Ke2 Nxh4 45. Kf2 g5 46. Ke2 h5 47.
Kf2 g4 48. Kg1 Kb3 49. Kf2 Kxa3 50. c4 Kxb4 51. cxb5 Kxb5 52. Nc3+ Kb4 53. Nd5+
Kb3 54. Nxf4 a3 55. Nxh5 a2 56. Kg3 Ng6 57. Kxg4 a1=Q 58. Nf6 Qxf6 59. Kg3 0-1

[Event "ch-FRA Blitz Online Qual"]
[Site "Europe-Chess INT"]
[Date "2020.05.16"]
[Round "12"]
[White "Briand, Amaury"]
[Black "Farthouat, Titoine"]
[Result "1-0"]
[WhiteElo "1929"]
[BlackElo "1652"]
[WhiteFideId "36054968"]
[BlackFideId "36015660"]
[EventDate "2020.05.16"]

1. e4 c5 2. Nf3 d6 3. d4 cxd4 4. Nxd4 Nf6 5. Nc3 a6 6. Nb3 b5 7. g3 Bb7 8. Bg2
Nbd7 9. O-O g6 10. Nd5 Bg7 11. c3 O-O 12. Be3 Ng4 13. Bd4 Nge5 14. f4 Nc4 15.
Bxg7 Kxg7 16. Qc1 Nc5 17. Nxc5 dxc5 18. b3 Nb6 19. c4 bxc4 20. bxc4 e6 21. Nxb6
Qxb6 22. Rb1 Qc6 23. Qb2+ Kg8 24. Qxb7 Qa4 25. Qb3 Qc6 26. e5 Qc8 27. Bxa8 Qxa8
28. Qb7 Qd8 29. Rfd1 Qa5 30. Qb3 Qc7 31. Rd3 h5 32. Rbd1 Kg7 33. Rd7 Qc6 34. Ra7
h4 35. Rdd7 h3 36. Qc2 Qf3 37. Qf2 Qe4 38. Rxa6 Qb1+ 39. Qf1 Qb2 40. a4 Qc3 41.
Rad6 Qe3+ 42. Qf2 Qc1+ 43. Rd1 Qxc4 44. Ra1 Qc3 45. Rdd1 Rb8 46. Rdc1 Qd3 47. a5
c4 48. a6 c3 49. Rc2 Rb2 50. Rxb2 cxb2 51. Qxb2 Qe3+ 52. Qf2 Qc3 53. Rd1 Qb3 54.
Rf1 Qd3 55. a7 Qa6 56. Rd1 Qa2 57. Qxa2 1-0